| 000 | 02076cam a2200421 i 4500 | ||
|---|---|---|---|
| 999 |
_c9224 _d9224 |
||
| 001 | 19706390 | ||
| 003 | GZU | ||
| 005 | 20210608101833.0 | ||
| 008 | 170613s2016 sa a b 001 0 eng d | ||
| 010 | _a 2017398192 | ||
| 020 | _a9781485119364 (paperback) | ||
| 020 | _a1485119367 (paperback) | ||
| 035 | _a(OCoLC)ocn978291214 | ||
| 040 |
_aP4A _beng _cP4A _erda _dOCLCQ _dOI@ _dOCLCF _dZ@L _dP4A _dOCLCA _dDLC |
||
| 042 | _alccopycat | ||
| 043 | _af-sa--- | ||
| 050 | 0 | 0 |
_aKTL683 _b.D68 2016 |
| 082 | 0 | 4 |
_a344.68063635 _223 |
| 100 | 1 |
_aDownie, Leslie, _eauthor. |
|
| 245 | 1 | 0 |
_aPro-poor legal practice : _bhousehold rights and subsidised housing in South Africa / _cLeslie Downie. |
| 264 | 1 |
_aCape Town : _bJuta, _c2016 |
|
| 300 |
_axv, 197 pages : _billustrations ; _c25 cm |
||
| 336 |
_atext _btxt _2rdacontent |
||
| 337 |
_aunmediated _bn _2rdamedia |
||
| 338 |
_avolume _bnc _2rdacarrier |
||
| 504 | _aIncludes bibliographical references (pages 179-189) and index. | ||
| 505 | 0 | _aLawyer : know yourself -- Know you are on a frontier -- Know your client -- Categorising social issues for legal action -- Legal framework : marriage and cohabitation -- Legal framework : subsidised housing law and policy -- The big picture : current land tenure thinking -- Strategies for pro-poor prenuptial agreements -- The initial stages of client interaction -- Developing clauses for a prenuptial agreement -- Simulating clients to test your precedents -- Know that you don't know. | |
| 650 | 0 |
_aHousing _xLaw and legislation _zSouth Africa. |
|
| 650 | 0 |
_aHousing subsidies _zSouth Africa. |
|
| 650 | 0 |
_aRight to housing _zSouth Africa. |
|
| 650 | 7 |
_aHousing. _2fast _0(OCoLC)fst00962245 |
|
| 650 | 7 |
_aHousing subsidies. _2fast _0(OCoLC)fst00962479 |
|
| 650 | 7 |
_aRight to housing. _2fast _0(OCoLC)fst01097918 |
|
| 651 | 7 |
_aSouth Africa. _2fast _0(OCoLC)fst01204616 |
|
| 906 |
_a7 _bcbc _ccopycat _d2 _encip _f20 _gy-gencatlg |
||
| 942 |
_2lcc _cBK _h683 _iDOW _kKTL _m2016 |
||